Представление документа в формате MARC21

Поле Инд. ПП Название Значение
Тип записи a
Библиографический уровень m
001 Контрольный номер 69787c71-9370-4420-9c32-778d03a721f0
005 Дата корректировки 20131111183415.6
008 Кодируемые данные 000208 d
020 a ISBN 3-7857-0747-9
c Цена, тираж 25000.00
040 a Служба первич. каталог. НБ ТвГУ
041 a Код языка текста ger
080 a Индекс УДК 938(092)
a Индекс УДК 929Александр Македонский
084 a Индекс другой классификации/Индекс ББК Т3(0)322.0
090 x Авторский знак F57
a Полочн. индекс Т3(0)32
100 2_ a Автор Fischer-Fabian S
245 10 a Заглавие Alexander
b Продолж. заглавия Der Traum vom Frieden der Voelker
c Ответственность S. Fischer-Fabian
260 0_ a Место издания Bergisch Gladbach
b Издательство Luebbe
c Дата издания 1994
300 a Объем 384 S.
b Иллюстрации/ тип воспроизводства Ill.
500 a Примечание Personenverz.: S. 379-384.
583 k Исполнитель действия Дар РГГУ
650 a Основная рубрика Александр Македонский, о нем
650 a Основная рубрика Греция Древняя
x Основная подрубрика История
650 a Основная рубрика Империя Александра Македонского
653 a Ключевые слова Александр Македонский
a Ключевые слова Империя Александра Македонского
a Ключевые слова История Древней Греции
a Ключевые слова Древняя Греция
a Ключевые слова Персоналии
852 t Порядковый номер экземпляра 1
p Инвентарный номер 16033 (дар)
930 a Новая/Ретро нем
a Новая/Ретро иностр
a Новая/Ретро персоналии
954 a Дата поступления на обработку 28.01.97
999 a Подразделение 2 аб.